[Event "ODJM B 2023"]
[Site "Willingen GER"]
[Date "2023.05.31"]
[Round "6"]
[White "Beberhold, Otto Richard"]
[Black "Kratz, Alexander"]
[Result "0-1"]
[Termination "normal"]
[Board "22"]
[WhiteElo "1427"]
[BlackElo "1773"]
[WhiteClock "00:44:28"]
[BlackClock "00:55:49"]
[PlyCount "90"]
[WhiteFideId "34617248"]
[BlackFideId "16228529"]
[EventCountry "GER"]
[EventRounds "9"]
[EventType "swiss"]
[EventDate "2023.05.27"]

1. d4 {[%clk 01:30:57]} {[%emt 00:00:02]} Nf6 {[%clk 01:30:55]} {[%emt
00:00:05]} 2. Nc3 {[%clk 01:31:16]} {[%emt 00:00:11]} d5 {[%clk 01:30:15]}
{[%emt 00:01:11]} 3. Nf3 {[%clk 01:31:22]} {[%emt 00:00:24]} g6 {[%clk
01:28:57]} {[%emt 00:01:48]} 4. Bf4 {[%clk 01:31:15]} {[%emt 00:00:36]} c6
{[%clk 01:28:02]} {[%emt 00:01:26]} 5. Qd2 {[%clk 01:31:13]} {[%emt 00:00:31]}
Bf5 {[%clk 01:22:34]} {[%emt 00:05:58]} 6. h3 {[%clk 01:27:43]} {[%emt
00:04:00]} Nbd7 {[%clk 01:21:05]} {[%emt 00:02:00]} 7. Nh4 {[%clk 01:24:51]}
{[%emt 00:03:21]} Ne4 {[%clk 01:19:06]} {[%emt 00:02:30]} 8. Nxe4 {[%clk
01:22:51]} {[%emt 00:02:30]} Bxe4 {[%clk 01:19:16]} {[%emt 00:00:19]} 9. f3
{[%clk 01:22:42]} {[%emt 00:00:39]} Bf5 {[%clk 01:19:44]} {[%emt 00:00:03]} 10.
Nxf5 {[%clk 01:23:01]} {[%emt 00:00:11]} gxf5 {[%clk 01:20:12]} {[%emt
00:00:02]} 11. O-O-O {[%clk 01:22:21]} {[%emt 00:01:09]} Qb6 {[%clk 01:19:30]}
{[%emt 00:01:12]} 12. g4 {[%clk 01:19:27]} {[%emt 00:03:24]} fxg4 {[%clk
01:15:45]} {[%emt 00:04:15]} 13. hxg4 {[%clk 01:19:40]} {[%emt 00:00:17]} Bg7
{[%clk 01:15:53]} {[%emt 00:00:22]} 14. Bh6 {[%clk 01:18:36]} {[%emt 00:01:34]}
Bxh6 {[%clk 01:13:54]} {[%emt 00:02:29]} 15. Rxh6 {[%clk 01:14:04]} {[%emt
00:05:02]} O-O-O {[%clk 01:12:26]} {[%emt 00:01:57]} 16. e3 {[%clk 01:10:33]}
{[%emt 00:04:02]} e5 {[%clk 01:09:15]} {[%emt 00:03:41]} 17. Be2 {[%clk
01:08:21]} {[%emt 00:02:42]} exd4 {[%clk 01:04:13]} {[%emt 00:05:32]} 18. Qxd4
{[%clk 01:08:20]} {[%emt 00:00:31]} Qxd4 {[%clk 01:03:34]} {[%emt 00:01:09]}
19. exd4 {[%clk 01:08:12]} {[%emt 00:00:38]} Rde8 {[%clk 01:02:29]} {[%emt
00:01:35]} 20. Kd2 {[%clk 01:06:56]} {[%emt 00:01:46]} Re6 {[%clk 00:59:30]}
{[%emt 00:03:30]} 21. Rdh1 {[%clk 01:06:39]} {[%emt 00:00:47]} Rxh6 {[%clk
00:59:02]} {[%emt 00:00:57]} 22. Rxh6 {[%clk 01:07:01]} {[%emt 00:00:08]} Kd8
{[%clk 00:59:20]} {[%emt 00:00:12]} 23. Bd3 {[%clk 01:06:53]} {[%emt 00:00:38]}
Nf8 {[%clk 00:59:34]} {[%emt 00:00:16]} 24. Ke3 {[%clk 01:05:46]} {[%emt
00:01:37]} Ke7 {[%clk 00:59:36]} {[%emt 00:00:28]} 25. f4 {[%clk 01:04:44]}
{[%emt 00:01:32]} f6 {[%clk 00:59:45]} {[%emt 00:00:22]} 26. Bf5 {[%clk
00:59:50]} {[%emt 00:05:23]} Kf7 {[%clk 00:55:40]} {[%emt 00:04:35]} 27. Bc8
{[%clk 00:57:56]} {[%emt 00:02:24]} Ne6 {[%clk 00:54:43]} {[%emt 00:01:28]} 28.
Bxb7 {[%clk 00:57:48]} {[%emt 00:00:37]} Nd8 {[%clk 00:55:05]} {[%emt
00:00:08]} 29. Ba6 {[%clk 00:57:29]} {[%emt 00:00:49]} Kg7 {[%clk 00:55:24]}
{[%emt 00:00:11]} 30. Rh3 {[%clk 00:57:08]} {[%emt 00:00:51]} Re8+ {[%clk
00:55:47]} {[%emt 00:00:08]} 31. Kf3 {[%clk 00:56:43]} {[%emt 00:00:54]} Re1
{[%clk 00:55:59]} {[%emt 00:00:19]} 32. Bd3 {[%clk 00:56:41]} {[%emt 00:00:31]}
h6 {[%clk 00:56:10]} {[%emt 00:00:19]} 33. Rh2 {[%clk 00:49:14]} {[%emt
00:07:57]} Ra1 {[%clk 00:56:06]} {[%emt 00:00:34]} 34. a3 {[%clk 00:49:26]}
{[%emt 00:00:19]} Ra2 {[%clk 00:56:03]} {[%emt 00:00:33]} 35. c3 {[%clk
00:49:07]} {[%emt 00:00:49]} Ra1 {[%clk 00:55:14]} {[%emt 00:01:19]} 36. Re2
{[%clk 00:48:35]} {[%emt 00:01:02]} Kf7 {[%clk 00:55:36]} {[%emt 00:00:07]} 37.
f5 {[%clk 00:45:04]} {[%emt 00:04:01]} Rh1 {[%clk 00:55:23]} {[%emt 00:00:43]}
38. Kg2 {[%clk 00:45:13]} {[%emt 00:00:21]} Rd1 {[%clk 00:55:25]} {[%emt
00:00:28]} 39. Bc2 {[%clk 00:44:59]} {[%emt 00:00:45]} Rc1 {[%clk 00:55:36]}
{[%emt 00:00:19]} 40. Kf2 {[%clk 00:44:08]} {[%emt 00:01:20]} Rh1 {[%clk
00:55:20]} {[%emt 00:00:45]} 41. Re1 {[%clk 00:44:17]} {[%emt 00:00:22]} Rh2+
{[%clk 00:55:35]} {[%emt 00:00:16]} 42. Ke3 {[%clk 00:44:16]} {[%emt 00:00:30]}
Rxc2 {[%clk 00:55:57]} {[%emt 00:00:08]} 43. Re2 {[%clk 00:44:30]} {[%emt
00:00:16]} Rxe2+ {[%clk 00:56:09]} {[%emt 00:00:19]} 44. Kxe2 {[%clk 00:44:54]}
{[%emt 00:00:06]} Nb7 {[%clk 00:55:33]} {[%emt 00:01:06]} 45. b4 {[%clk
00:44:28]} {[%emt 00:00:56]} Nd6 {[%clk 00:55:49]} {[%emt 00:00:14]} 0-1

[Event "ODJM B 2023"]
[Site "Willingen GER"]
[Date "2023.05.31"]
[Round "6"]
[White "Retzlaff, Kian"]
[Black "Frydel, Marcel"]
[Result "0-1"]
[Termination "normal"]
[Board "23"]
[WhiteElo "1663"]
[BlackElo "1346"]
[WhiteClock "00:19:10"]
[BlackClock "01:19:10"]
[PlyCount "94"]
[WhiteFideId "34606700"]
[BlackFideId "16245733"]
[EventCountry "GER"]
[EventRounds "9"]
[EventType "swiss"]
[EventDate "2023.05.27"]

1. e4 {[%clk 01:30:58]} e5 {[%clk 01:30:55]} {[%emt 00:00:06]} 2. Nf3 {[%clk
01:31:24]} {[%emt 00:00:04]} Nf6 {[%clk 01:31:23]} {[%emt 00:00:03]} 3. Nxe5
{[%clk 01:31:42]} {[%emt 00:00:12]} d6 {[%clk 01:31:49]} {[%emt 00:00:04]} 4.
Nf3 {[%clk 01:31:52]} {[%emt 00:00:19]} Nxe4 {[%clk 01:32:14]} {[%emt
00:00:05]} 5. d4 {[%clk 01:32:05]} {[%emt 00:00:16]} d5 {[%clk 01:32:41]}
{[%emt 00:00:06]} 6. Bd3 {[%clk 01:31:50]} {[%emt 00:00:42]} Bd6 {[%clk
01:33:05]} {[%emt 00:00:07]} 7. O-O {[%clk 01:32:01]} {[%emt 00:00:19]} O-O
{[%clk 01:33:31]} {[%emt 00:00:05]} 8. c4 {[%clk 01:31:02]} {[%emt 00:01:28]}
c6 {[%clk 01:33:55]} {[%emt 00:00:07]} 9. Re1 {[%clk 01:24:11]} {[%emt
00:07:19]} Bf5 {[%clk 01:32:26]} {[%emt 00:02:00]} 10. Qc2 {[%clk 01:17:40]}
{[%emt 00:07:00]} Bg6 {[%clk 01:29:02]} {[%emt 00:03:55]} 11. Nc3 {[%clk
01:07:52]} {[%emt 00:10:18]} Nxc3 {[%clk 01:22:29]} {[%emt 00:07:04]} 12. Qxc3
{[%clk 01:07:31]} {[%emt 00:00:49]} Bxd3 {[%clk 01:22:32]} {[%emt 00:00:28]}
13. Qxd3 {[%clk 01:07:57]} {[%emt 00:00:05]} dxc4 {[%clk 01:22:52]} {[%emt
00:00:10]} 14. Qxc4 {[%clk 01:08:20]} {[%emt 00:00:06]} h6 {[%clk 01:21:57]}
{[%emt 00:01:26]} 15. Be3 {[%clk 01:07:09]} {[%emt 00:01:40]} Na6 {[%clk
01:19:15]} {[%emt 00:03:13]} 16. Rad1 {[%clk 01:00:38]} {[%emt 00:06:59]} Nb4
{[%clk 01:14:47]} {[%emt 00:04:59]} 17. a3 {[%clk 00:50:05]} {[%emt 00:11:03]}
Nd5 {[%clk 01:15:06]} {[%emt 00:00:11]} 18. Kh1 {[%clk 00:49:14]} {[%emt
00:01:20]} Qc7 {[%clk 01:12:07]} {[%emt 00:03:31]} 19. h3 {[%clk 00:38:21]}
{[%emt 00:11:21]} Rfe8 {[%clk 01:11:59]} {[%emt 00:00:39]} 20. Qd3 {[%clk
00:33:16]} {[%emt 00:05:34]} Re6 {[%clk 01:08:15]} {[%emt 00:04:16]} 21. Nd2
{[%clk 00:29:20]} {[%emt 00:04:24]} Rae8 {[%clk 01:06:57]} {[%emt 00:01:49]}
22. Nb1 {[%clk 00:26:42]} {[%emt 00:03:07]} Bf4 {[%clk 01:06:15]} {[%emt
00:01:14]} 23. Bd2 {[%clk 00:26:17]} {[%emt 00:00:54]} Bxd2 {[%clk 01:01:20]}
{[%emt 00:05:26]} 24. Qxd2 {[%clk 00:26:03]} {[%emt 00:00:43]} Qb6 {[%clk
00:58:31]} {[%emt 00:03:19]} 25. Rxe6 {[%emt 00:03:01]} Rxe6 {[%clk 00:57:35]}
{[%emt 00:01:24]} 26. Nc3 {[%clk 00:21:54]} {[%emt 00:02:11]} Qb3 {[%clk
00:55:34]} {[%emt 00:02:31]} 27. Re1 {[%clk 00:17:39]} {[%emt 00:04:45]} Rxe1+
{[%clk 00:51:55]} {[%emt 00:04:09]} 28. Qxe1 {[%clk 00:17:47]} {[%emt
00:00:20]} Nxc3 {[%clk 00:48:44]} {[%emt 00:03:42]} 29. Qxc3 {[%clk 00:16:27]}
{[%emt 00:01:51]} Qxc3 {[%clk 00:48:52]} {[%emt 00:00:22]} 30. bxc3 {[%clk
00:16:50]} {[%emt 00:00:07]} Kf8 {[%clk 00:49:12]} {[%emt 00:00:10]} 31. Kg1
{[%clk 00:17:08]} {[%emt 00:00:11]} Ke7 {[%clk 00:49:26]} {[%emt 00:00:16]} 32.
Kf1 {[%clk 00:17:07]} {[%emt 00:00:30]} b5 {[%clk 00:49:45]} {[%emt 00:00:12]}
33. Ke2 {[%clk 00:17:26]} {[%emt 00:00:11]} Kd6 {[%clk 00:50:10]} {[%emt
00:00:06]} 34. Kd3 {[%clk 00:17:34]} {[%emt 00:00:21]} Kd5 {[%clk 00:50:30]}
{[%emt 00:00:11]} 35. f3 {[%clk 00:12:46]} {[%emt 00:05:18]} g6 {[%clk
00:49:05]} {[%emt 00:01:55]} 36. g3 {[%clk 00:09:18]} {[%emt 00:03:57]} f6
{[%clk 00:48:49]} {[%emt 00:00:47]} 37. h4 {[%clk 00:03:57]} {[%emt 00:05:51]}
f5 {[%clk 00:48:39]} {[%emt 00:00:40]} 38. Kc2 {[%clk 00:02:19]} {[%emt
00:02:07]} Kc4 {[%clk 00:48:47]} {[%emt 00:00:22]} 39. g4 {[%clk 00:01:51]}
{[%emt 00:00:59]} h5 {[%clk 00:47:56]} {[%emt 00:01:21]} 40. gxh5 {[%clk
00:01:01]} {[%emt 00:01:20]} gxh5 {[%clk 00:48:21]} {[%emt 00:00:05]} 41. Kd2
{[%clk 00:01:04]} {[%emt 00:00:27]} f4 {[%clk 00:48:29]} {[%emt 00:00:21]} 42.
Kc2 {[%clk 00:01:15]} {[%emt 00:00:19]} a6 {[%clk 00:48:46]} {[%emt 00:00:14]}
43. Kb2 {[%clk 00:23:30]} {[%emt 00:08:14]} a5 {[%clk 01:18:46]} {[%emt
00:00:31]} 44. Kc2 {[%clk 00:19:44]} {[%emt 00:04:15]} a4 {[%clk 01:19:11]}
{[%emt 00:00:05]} 45. Kd2 {[%clk 00:19:00]} {[%emt 00:01:14]} Kb3 {[%clk
01:19:10]} {[%emt 00:00:31]} 46. Kd3 {[%clk 00:18:52]} {[%emt 00:00:38]} Kxa3
{[%clk 01:19:31]} {[%emt 00:00:09]} 47. Kc2 {[%clk 00:19:10]} {[%emt 00:00:11]}
Ka2 {[%clk 01:19:10]} {[%emt 00:00:52]} 0-1

[Event "ODJM B 2023"]
[Site "Willingen GER"]
[Date "2023.05.31"]
[Round "6"]
[White "Uhlmann, Jonas"]
[Black "Clauß, Annika"]
[Result "0-1"]
[Termination "normal"]
[Board "24"]
[WhiteElo "1558"]
[BlackElo "1466"]
[WhiteClock "00:33:48"]
[BlackClock "00:28:39"]
[PlyCount "44"]
[WhiteFideId "16258576"]
[BlackFideId "16261380"]
[EventCountry "GER"]
[EventRounds "9"]
[EventType "swiss"]
[EventDate "2023.05.27"]

1. e4 {[%clk 01:30:57]} {[%emt 00:00:02]} c5 {[%clk 01:30:56]} {[%emt
00:00:04]} 2. Nf3 {[%clk 01:31:21]} {[%emt 00:00:06]} e6 {[%clk 01:31:07]}
{[%emt 00:00:19]} 3. d4 {[%clk 01:31:07]} {[%emt 00:00:44]} cxd4 {[%clk
01:31:30]} {[%emt 00:00:07]} 4. Nxd4 {[%clk 01:31:21]} {[%emt 00:00:17]} Nf6
{[%clk 01:31:49]} {[%emt 00:00:11]} 5. f3 {[%clk 01:28:19]} {[%emt 00:03:32]}
Nc6 {[%clk 01:31:49]} {[%emt 00:00:30]} 6. c4 {[%clk 01:27:00]} {[%emt
00:01:49]} Bb4+ {[%clk 01:30:13]} {[%emt 00:02:06]} 7. Nc3 {[%clk 01:26:20]}
{[%emt 00:01:10]} O-O {[%clk 01:19:50]} {[%emt 00:10:53]} 8. Be3 {[%clk
01:20:21]} {[%emt 00:06:29]} a6 {[%clk 01:08:28]} {[%emt 00:11:52]} 9. Be2
{[%clk 01:19:18]} {[%emt 00:01:33]} Qc7 {[%clk 01:08:15]} {[%emt 00:00:43]} 10.
O-O {[%clk 01:19:34]} {[%emt 00:00:14]} Bxc3 {[%clk 01:08:10]} {[%emt
00:00:35]} 11. bxc3 {[%clk 01:19:49]} {[%emt 00:00:15]} Ne5 {[%clk 01:05:17]}
{[%emt 00:03:23]} 12. Qb3 {[%clk 01:18:19]} {[%emt 00:01:59]} Ng6 {[%clk
01:04:51]} {[%emt 00:00:56]} 13. Rad1 {[%clk 01:14:13]} {[%emt 00:04:36]} Nf4
{[%clk 01:04:11]} {[%emt 00:01:10]} 14. g3 {[%clk 01:12:13]} {[%emt 00:02:31]}
Nxe2+ {[%clk 01:03:47]} {[%emt 00:00:53]} 15. Nxe2 {[%clk 01:08:53]} {[%emt
00:03:50]} b5 {[%clk 00:58:59]} {[%emt 00:05:19]} 16. cxb5 {[%clk 01:05:21]}
{[%emt 00:04:02]} axb5 {[%clk 00:59:18]} {[%emt 00:00:11]} 17. Rd2 {[%clk
01:04:47]} {[%emt 00:01:03]} Ba6 {[%clk 00:59:27]} {[%emt 00:00:21]} 18. Rc1
{[%clk 00:59:12]} {[%emt 00:06:06]} d5 {[%clk 00:49:40]} {[%emt 00:10:17]} 19.
Qb4 {[%clk 00:42:49]} {[%emt 00:16:53]} dxe4 {[%clk 00:40:53]} {[%emt
00:09:17]} 20. fxe4 {[%clk 00:42:03]} {[%emt 00:01:15]} Qc6 {[%clk 00:31:06]}
{[%emt 00:10:17]} 21. e5 {[%clk 00:35:31]} {[%emt 00:07:02]} Bb7 {[%clk
00:30:24]} {[%emt 00:01:13]} 22. Nf4 {[%clk 00:33:48]} {[%emt 00:02:12]} Qh1+
{[%clk 00:28:39]} {[%emt 00:02:15]} 0-1

[Event "ODJM B 2023"]
[Site "Willingen GER"]
[Date "2023.05.31"]
[Round "6"]
[White "Sperling, Max"]
[Black "Frowein, Jamie"]
[Result "1-0"]
[Termination "normal"]
[Board "25"]
[WhiteElo "1527"]
[BlackElo "1441"]
[WhiteClock "00:03:13"]
[BlackClock "00:26:44"]
[PlyCount "105"]
[WhiteFideId "34660372"]
[BlackFideId "16282949"]
[EventCountry "GER"]
[EventRounds "9"]
[EventType "swiss"]
[EventDate "2023.05.27"]

1. d4 {[%clk 01:30:53]} {[%emt 00:00:06]} Nf6 {[%emt 00:00:15]} 2. c4 {[%clk
01:31:11]} e6 {[%clk 01:31:24]} {[%emt 00:00:04]} 3. Nc3 {[%clk 01:31:33]}
{[%emt 00:00:08]} Bb4 {[%clk 01:31:49]} {[%emt 00:00:05]} 4. Nf3 {[%clk
01:31:56]} {[%emt 00:00:07]} O-O {[%clk 01:31:56]} {[%emt 00:00:23]} 5. Bg5
{[%clk 01:32:04]} {[%emt 00:00:23]} c5 {[%clk 01:31:09]} {[%emt 00:01:17]} 6.
a3 {[%clk 01:23:46]} {[%emt 00:08:48]} Bxc3+ {[%clk 01:29:16]} {[%emt
00:02:23]} 7. bxc3 {[%clk 01:24:08]} {[%emt 00:00:08]} Qa5 {[%clk 01:29:06]}
{[%emt 00:00:39]} 8. Bd2 {[%clk 01:23:17]} {[%emt 00:01:22]} Ne4 {[%clk
01:28:21]} {[%emt 00:01:15]} 9. e3 {[%clk 01:23:03]} {[%emt 00:00:44]} d5
{[%clk 01:24:20]} {[%emt 00:04:31]} 10. Bd3 {[%clk 01:21:19]} {[%emt 00:02:13]}
Nxd2 {[%clk 01:22:48]} {[%emt 00:02:02]} 11. Qxd2 {[%clk 01:21:39]} {[%emt
00:00:10]} Nc6 {[%clk 01:20:02]} {[%emt 00:03:17]} 12. O-O {[%clk 01:20:58]}
{[%emt 00:01:09]} Re8 {[%clk 01:18:41]} {[%emt 00:01:53]} 13. Qc2 {[%clk
01:19:24]} {[%emt 00:02:04]} f5 {[%clk 01:17:16]} {[%emt 00:01:55]} 14. cxd5
{[%clk 01:10:27]} {[%emt 00:09:27]} exd5 {[%clk 01:16:29]} {[%emt 00:01:17]}
15. c4 {[%clk 01:10:43]} {[%emt 00:00:14]} dxc4 {[%clk 01:11:55]} {[%emt
00:05:04]} 16. Ng5 {[%clk 00:57:32]} {[%emt 00:13:41]} Nd8 {[%clk 01:07:19]}
{[%emt 00:05:06]} 17. Qxc4+ {[%clk 00:49:45]} {[%emt 00:08:17]} Kh8 {[%clk
01:06:14]} {[%emt 00:01:34]} 18. dxc5 {[%clk 00:42:06]} {[%emt 00:08:09]} h6
{[%emt 00:05:35]} 19. Nf3 {[%clk 00:39:13]} Be6 {[%clk 01:04:12]} {[%emt
00:00:50]} 20. Qb4 {[%clk 00:38:49]} {[%emt 00:00:55]} Qc7 {[%clk 01:03:57]}
{[%emt 00:00:44]} 21. Nd4 {[%clk 00:37:27]} {[%emt 00:01:52]} a5 {[%clk
01:01:09]} {[%emt 00:03:19]} 22. Qb5 {[%clk 00:32:58]} {[%emt 00:04:59]} Bd7
{[%clk 01:00:42]} {[%emt 00:00:57]} 23. Qc4 {[%clk 00:32:57]} {[%emt 00:00:30]}
Qe5 {[%clk 00:58:41]} {[%emt 00:02:32]} 24. Rab1 {[%clk 00:29:55]} {[%emt
00:03:32]} Ra6 {[%clk 00:56:16]} {[%emt 00:02:54]} 25. Nf3 {[%clk 00:23:41]}
{[%emt 00:06:45]} Qf6 {[%clk 00:52:35]} {[%emt 00:04:11]} 26. Qd4 {[%clk
00:22:00]} {[%emt 00:02:09]} Qxd4 {[%clk 00:51:07]} {[%emt 00:01:59]} 27. exd4
{[%clk 00:22:25]} {[%emt 00:00:06]} Rg6 {[%clk 00:50:54]} {[%emt 00:00:43]} 28.
Ne5 {[%clk 00:22:08]} {[%emt 00:00:46]} Rxe5 {[%clk 00:49:35]} {[%emt
00:01:50]} 29. dxe5 {[%clk 00:22:34]} {[%emt 00:00:04]} Nc6 {[%clk 00:48:58]}
{[%emt 00:01:07]} 30. Rfe1 {[%clk 00:17:08]} {[%emt 00:05:56]} Nd4 {[%clk
00:48:44]} {[%emt 00:00:43]} 31. Kf1 {[%clk 00:14:01]} {[%emt 00:03:37]} Bc6
{[%clk 00:48:10]} {[%emt 00:01:05]} 32. f3 {[%clk 00:14:29]} {[%emt 00:00:01]}
Bd5 {[%clk 00:44:42]} {[%emt 00:03:58]} 33. Kf2 {[%clk 00:13:39]} {[%emt
00:01:21]} Rc6 {[%clk 00:43:37]} {[%emt 00:01:35]} 34. Ke3 {[%clk 00:11:17]}
{[%emt 00:02:51]} Ne6 {[%clk 00:42:46]} {[%emt 00:01:21]} 35. Bxf5 {[%clk
00:08:53]} {[%emt 00:02:54]} Nxc5 {[%clk 00:41:05]} {[%emt 00:02:11]} 36. Rec1
{[%clk 00:07:11]} {[%emt 00:02:13]} b6 {[%clk 00:39:53]} {[%emt 00:01:42]} 37.
Rd1 {[%clk 00:05:35]} {[%emt 00:02:06]} Ba2 {[%clk 00:35:59]} {[%emt 00:04:23]}
38. Rd8+ {[%clk 00:06:01]} {[%emt 00:00:04]} Bg8 {[%clk 00:36:21]} {[%emt
00:00:09]} 39. Rd6 {[%clk 00:05:42]} {[%emt 00:00:48]} Rc7 {[%clk 00:34:58]}
{[%emt 00:01:53]} 40. Rbxb6 {[%clk 00:04:45]} {[%emt 00:01:27]} Rf7 {[%clk
00:33:00]} {[%emt 00:02:28]} 41. Be6 {[%clk 00:02:25]} {[%emt 00:02:49]} Nxe6
{[%clk 00:31:47]} {[%emt 00:01:44]} 42. Rxe6 {[%clk 00:02:47]} {[%emt
00:00:08]} Rc7 {[%clk 00:31:53]} {[%emt 00:00:24]} 43. Rec6 {[%clk 00:01:35]}
{[%emt 00:01:42]} Re7 {[%clk 00:31:33]} {[%emt 00:00:50]} 44. e6 {[%clk
00:01:51]} {[%emt 00:00:14]} Bf7 {[%clk 00:30:28]} {[%emt 00:01:35]} 45. Ke4
{[%clk 00:01:17]} {[%emt 00:01:05]} Bg6+ {[%clk 00:29:57]} {[%emt 00:01:00]}
46. Ke5 {[%clk 00:01:32]} {[%emt 00:00:15]} Kg8 {[%clk 00:28:57]} {[%emt
00:01:30]} 47. Rb8+ {[%clk 00:01:27]} {[%emt 00:00:35]} Be8 {[%clk 00:28:52]}
{[%emt 00:00:35]} 48. Rcc8 {[%clk 00:01:22]} {[%emt 00:00:35]} Kf8 {[%clk
00:28:53]} {[%emt 00:00:29]} 49. Kd6 {[%clk 00:01:47]} {[%emt 00:00:05]} g5
{[%clk 00:28:43]} {[%emt 00:00:39]} 50. g4 {[%clk 00:02:13]} {[%emt 00:00:05]}
a4 {[%clk 00:27:13]} {[%emt 00:02:00]} 51. h3 {[%clk 00:02:38]} {[%emt
00:00:05]} Ra7 {[%clk 00:26:26]} {[%emt 00:01:17]} 52. Rxe8+ {[%clk 00:02:50]}
{[%emt 00:00:19]} Kg7 {[%clk 00:26:44]} {[%emt 00:00:12]} 53. Re7+ {[%clk
00:03:13]} {[%emt 00:00:06]} 1-0

[Event "ODJM B 2023"]
[Site "Willingen GER"]
[Date "2023.05.31"]
[Round "6"]
[White "Andresen, Eric"]
[Black "Hoffmann, Sophia"]
[Result "1-0"]
[Termination "normal"]
[Board "26"]
[WhiteElo "1526"]
[BlackElo "1315"]
[WhiteClock "00:01:42"]
[BlackClock "00:01:46"]
[PlyCount "73"]
[WhiteFideId "34641360"]
[BlackFideId "16259130"]
[EventCountry "GER"]
[EventRounds "9"]
[EventType "swiss"]
[EventDate "2023.05.27"]

1. Nf3 {[%clk 01:30:59]} {[%emt 00:00:01]} d5 {[%clk 01:30:55]} {[%emt
00:00:05]} 2. c4 {[%clk 01:31:23]} {[%emt 00:00:05]} c6 {[%clk 01:31:12]}
{[%emt 00:00:13]} 3. e3 {[%clk 01:31:45]} {[%emt 00:00:09]} Nf6 {[%clk
01:31:26]} {[%emt 00:00:16]} 4. Nc3 {[%clk 01:31:58]} {[%emt 00:00:17]} e6
{[%clk 01:31:04]} {[%emt 00:00:52]} 5. b3 {[%clk 01:31:53]} {[%emt 00:00:35]}
Be7 {[%clk 01:31:05]} {[%emt 00:00:28]} 6. Bb2 {[%clk 01:31:57]} {[%emt
00:00:27]} Nbd7 {[%clk 01:29:14]} {[%emt 00:02:21]} 7. Qc2 {[%clk 01:28:40]}
{[%emt 00:03:46]} Qc7 {[%clk 01:20:11]} {[%emt 00:09:34]} 8. d4 {[%clk
01:15:39]} {[%emt 00:13:31]} b6 {[%clk 01:16:01]} {[%emt 00:04:40]} 9. Bd3
{[%clk 01:11:25]} {[%emt 00:04:44]} Bb7 {[%clk 01:12:00]} {[%emt 00:04:31]} 10.
h3 {[%clk 01:10:04]} {[%emt 00:01:51]} Rc8 {[%clk 01:07:43]} {[%emt 00:04:47]}
11. Ne2 {[%clk 00:55:16]} {[%emt 00:15:17]} Bb4+ {[%clk 01:02:15]} {[%emt
00:05:58]} 12. Bc3 {[%clk 00:50:44]} {[%emt 00:05:03]} Bxc3+ {[%clk 01:01:47]}
{[%emt 00:00:58]} 13. Qxc3 {[%clk 00:51:09]} {[%emt 00:00:05]} c5 {[%clk
00:57:33]} {[%emt 00:04:43]} 14. Rc1 {[%clk 00:43:07]} {[%emt 00:08:33]} dxc4
{[%clk 00:50:45]} {[%emt 00:07:18]} 15. Qxc4 {[%clk 00:36:58]} {[%emt
00:06:39]} Ne4 {[%clk 00:44:55]} {[%emt 00:06:20]} 16. Nf4 {[%clk 00:33:24]}
{[%emt 00:04:04]} Ndf6 {[%clk 00:39:04]} {[%emt 00:06:20]} 17. Qa4+ {[%clk
00:28:38]} {[%emt 00:05:17]} Bc6 {[%clk 00:35:43]} {[%emt 00:03:51]} 18. Bb5
{[%clk 00:28:00]} {[%emt 00:01:08]} O-O {[%clk 00:33:05]} {[%emt 00:03:08]} 19.
Bxc6 {[%clk 00:27:28]} {[%emt 00:01:01]} Qxc6 {[%clk 00:33:12]} {[%emt
00:00:23]} 20. Qxc6 {[%clk 00:27:48]} {[%emt 00:00:11]} Rxc6 {[%clk 00:33:37]}
{[%emt 00:00:05]} 21. Ne5 {[%clk 00:23:59]} {[%emt 00:04:19]} Rcc8 {[%clk
00:32:14]} {[%emt 00:01:53]} 22. dxc5 {[%clk 00:18:56]} {[%emt 00:05:33]} Nxc5
{[%clk 00:29:29]} {[%emt 00:03:15]} 23. O-O {[%clk 00:17:52]} {[%emt 00:01:34]}
Nce4 {[%clk 00:26:44]} {[%emt 00:03:14]} 24. Nc6 {[%clk 00:12:37]} {[%emt
00:05:45]} Rc7 {[%clk 00:23:25]} {[%emt 00:03:50]} 25. g4 {[%clk 00:11:05]}
{[%emt 00:02:02]} Kh8 {[%clk 00:18:25]} {[%emt 00:05:29]} 26. Ne5 {[%clk
00:10:23]} {[%emt 00:01:12]} Rb7 {[%clk 00:12:52]} {[%emt 00:05:56]} 27. f3
{[%clk 00:09:20]} {[%emt 00:01:41]} Nc5 {[%clk 00:11:52]} {[%emt 00:01:30]} 28.
Rfd1 {[%clk 00:08:18]} {[%emt 00:01:32]} h6 {[%clk 00:10:53]} {[%emt 00:01:29]}
29. h4 {[%clk 00:05:46]} {[%emt 00:03:02]} Kh7 {[%clk 00:09:43]} {[%emt
00:01:40]} 30. g5 {[%clk 00:05:25]} {[%emt 00:00:50]} Nfd7 {[%clk 00:09:13]}
{[%emt 00:01:00]} 31. g6+ {[%clk 00:03:54]} {[%emt 00:02:02]} fxg6 {[%clk
00:08:37]} {[%emt 00:01:06]} 32. Nexg6 {[%clk 00:02:29]} {[%emt 00:01:55]} Rf7
{[%clk 00:07:34]} {[%emt 00:01:32]} 33. b4 {[%clk 00:01:29]} {[%emt 00:01:31]}
Na4 {[%clk 00:05:52]} {[%emt 00:02:12]} 34. h5 {[%clk 00:01:12]} {[%emt
00:00:47]} e5 {[%clk 00:03:03]} {[%emt 00:03:19]} 35. Ne6 {[%clk 00:01:34]}
{[%emt 00:00:07]} Rb8 {[%clk 00:02:08]} {[%emt 00:01:26]} 36. Rxd7 {[%clk
00:01:42]} {[%emt 00:00:22]} Rxf3 {[%clk 00:01:46]} {[%emt 00:00:52]} 37. Rxg7#
{[%emt 00:01:11]} 1-0